Flags with the Most Stars - Statistics

General Stats
  • This quiz has been taken 28 times
  • The average score is 7 of 17
Answer Stats
Stars Country % Correct
50 United States
96%
27 Brazil
93%
6 Australia
79%
9 Tuvalu
50%
8 Venezuela
50%
5 Solomon Islands
36%
5 Papua New Guinea
32%
9 Bosnia and Herzegovina
29%
5 Samoa
29%
5 Singapore
29%
12 Uzbekistan
29%
10 Cape Verde
21%
5 Turkmenistan
21%
10 Dominica
18%
7 Grenada
18%
7 Tajikistan
18%
6 Equatorial Guinea
11%
No matching quizzes found
Score Distribution
Percent of People with Each Score
Percentile by Number Answered
Your Score History
You have not taken this quiz